000 00472nam a2200169Ia 4500
999 _c36775
_d36775
003 OSt
005 20201216123943.0
008 190216s9999||||xx |||||||||||||| ||und||
040 _coclc
082 _a133.6
_bCHE/C
100 _aCheiro
_97589
245 0 _aCheiro's Palmistry Secret Science /
_cCheiro
260 _bJanison Printers & Publishers,
_aDelhi:
300 _a125p
650 _aEnglish
942 _cREF
_2ddc
_h133.6
_iCHE/C
_k133.6
_mCHE/C